000 00976nam a22003137a 4500
001 BR0205942
003 BR-BrBNA
005 20230928101220.0
007 ta
008 230509b bl.||||| |||| 00| 0 por d
040 _aBR-BrBNA
_bpor
_cBiblioteca Nacional de Agricultura
041 _a(Por)
072 _aL02
_b5212
090 _ 5212 BR0205942
100 1 _aFrança, S.R. de A.
110 1 _aUniversidade Federal de Minas Gerais, Belo Horizonte (Brasil). Escola de Veterinária
_0Tese (Mestre em Zootecnia)
245 1 _aDesempenho de bezerros leiteiros alimentados com sucedâneo de leite
260 3 _aBelo Horizonte, MG (Brasil):
_c2002.
300 _a55 p.
500 _aSummaries (Eng, Por); Bibliography p. 49-53; 12 tables; 9 illus.
650 _aBEZERRO
650 _aNUTRIÇÃO ANIMAL
650 _aGANHO DE PESO
650 _aLEITE
650 _aDIETA
650 _aSUCEDÂNEO DO LEITE
909 _a202309
_bLucia
_c55
_dLucia Elande
942 _cBK
999 _c64762
_d64762